000 00662nam a2200205Ii 4500
003 JO-AjNU
008 230605s9999||||xx |||||||||||||| ||und||
040 _aJO-AjNU
_bara
_erda
_cJO-AjNU
041 _aara
050 1 4 _aLA21.J3978.1985
100 3 _aالجيار،سيد إبراهيم,
_eauthor
_910346
245 0 0 _aدراسات في تاريخ الفكر التربوي
250 _aط4
264 3 1 _aالقاهرة،مكتبة غريب،1985
300 _a223ص
336 _atext
_btxt
_2rdacontent
337 _aunmediated
_bn
_2rdamedia
338 _avolume
_bnc
_2rdacarrier
650 4 _aالتربية والتعليم-فسلفة-تاريخ
_910347
999 _aA1760
_c5328
_d5328